So much to be done : the writings of breast cancer ... Read More
Record details
- ISBN: 9780816699438
- ISBN: 0816699437
- ISBN: 9780816699445
- ISBN: 0816699445
- Physical Description: pages cm
- Publisher: Minneapolis : University of Minnesota Press, [2016]
Content descriptions
| Bibliography, etc. Note: | Includes bibliographical references and index. |
Search for related items by subject
| Subject: | Brenner, Barbara A. Breast > Cancer > Patients > United States > Biography. Breast cancer patients' writings, American Breast Cancer Action. |
| LDR | 01668cam a22004458i 4500 | ||
|---|---|---|---|
| 001 | 205774 | ||
| 003 | LARL_NWRL_CONSORTIUM | ||
| 005 | 20160408103242.0 | ||
| 008 | 160226s2016 mnu b 001 0 eng | ||
| 020 | . | ‡a9780816699438 ‡q(hc ; ‡qalk. paper) | |
| 020 | . | ‡a0816699437 ‡q(hc ; ‡qalk. paper) | |
| 020 | . | ‡a9780816699445 ‡q(pb ; ‡qalk. paper) | |
| 020 | . | ‡a0816699445 ‡q(pb ; ‡qalk. paper) | |
| 035 | . | ‡a(OCoLC)928613612 | |
| 042 | . | ‡apcc | |
| 043 | . | ‡an-us--- | |
| 082 | 0 | 0. | ‡a362.19699/4490092 ‡aB ‡223 |
| 100 | 1 | . | ‡aBrenner, Barbara A. ‡0(LARL_NWRL_CONSORTIUM)223903 |
| 245 | 1 | 0. | ‡aSo much to be done : ‡bthe writings of breast cancer activist Barbara Brenner / ‡cBarbara Brenner ; edited by Barbara Sjoholm ; introduction by Rachel Morello-Frosch ; afterword by Anne Lamott. |
| 264 | 1. | ‡aMinneapolis : ‡bUniversity of Minnesota Press, ‡c[2016] | |
| 300 | . | ‡apages cm | |
| 336 | . | ‡atext ‡btxt ‡2rdacontent | |
| 337 | . | ‡aunmediated ‡bn ‡2rdamedia | |
| 338 | . | ‡avolume ‡bnc ‡2rdacarrier | |
| 504 | . | ‡aIncludes bibliographical references and index. | |
| 600 | 1 | 0. | ‡aBrenner, Barbara A. ‡0(LARL_NWRL_CONSORTIUM)223903 |
| 650 | 0. | ‡aBreast ‡xCancer ‡xPatients ‡zUnited States ‡vBiography. ‡0(LARL_NWRL_CONSORTIUM)163763 | |
| 650 | 0. | ‡aBreast cancer patients' writings, American ‡0(LARL_NWRL_CONSORTIUM)41658 | |
| 610 | 2 | 0. | ‡aBreast Cancer Action. |
| 700 | 1 | . | ‡aSjoholm, Barbara, ‡d1950- ‡eeditor. ‡0(LARL_NWRL_CONSORTIUM)190451 |
| 905 | . | ‡uvanderl | |
| 901 | . | ‡a205774 ‡b ‡c205774 ‡tbiblio ‡soclc | |

Add to basket
Permalink
Disable Highlighting